Strength of Materials, 6th Ed (Record no. 301200)

000 -LEADER
fixed length control field 00305 a2200133 4500
001 - CONTROL NUMBER
control field 66127
082 ## - DEWEY DECIMAL CLASSIFICATION NUMBER
Classification number 620.112 MAL
090 ## - LOCALLY ASSIGNED LC-TYPE CALL NUMBER (OCLC); LOCAL CALL NUMBER (RLIN)
-- 38421
-- 38421
100 ## - MAIN ENTRY--PERSONAL NAME
Personal name Malhotra D R
245 ## - TITLE STATEMENT
Title Strength of Materials, 6th Ed
250 ## - EDITION STATEMENT
Edition statement 6
260 ## - PUBLICATION, DISTRIBUTION, ETC.
Place of publication, distribution, etc. New Delhi
Name of publisher, distributor, etc. Satya Prakashan
Date of publication, distribution, etc. 1994
300 ## - PHYSICAL DESCRIPTION
Extent 1152 p.
942 ## - ADDED ENTRY ELEMENTS (KOHA)
Institution code [OBSOLETE] NUST-CAE
Call number prefix 620.112 MAL
Holdings
Withdrawn status Lost status Damaged status Not for loan Collection code Permanent Location Current Location Date acquired Total Checkouts Full call number Barcode Date last seen Price effective from Koha item type
          College of Aeronautical Engineering (CAE) College of Aeronautical Engineering (CAE) 04/03/2017   620.112 MAL CAEN-348 04/05/2017 04/05/2017 Book
© 2023 Central Library, National University of Sciences and Technology. All Rights Reserved.